000 01613cam a22002414a 4500
005 20250605164109.0
008 250528s ||||||||||||||||||||||||d
035 _a17838
020 _a9789608392779
040 _aGR-AtMCL
_bgre
_dGR-AtMCL
_eAACR2
245 1 _aΘεωρίες της Γλώσσας - Θεωρίες της Μάθησης / Μια Διαμάχη
260 _bΝήσος,
_c2009
300 _a120
520 _aΤο βιβλίο αυτό αποτελεί μια ξεχωριστή μαρτυρία: είναι η πρώτη και μοναδική συνάντηση μεταξυ του ιδρυτή της γενετικής επιστημολογίας και του ιδρυτή της γενετικής γλωσσολογίας, δύο συστημάτων που ενέπνευσαν αναρίθμητα επιστημονικά έργα. Εισαγωγή, Πρόλογος στο Κείμενο του Πιαζέ, Η Ψυχογένεση των Γνώσεων και η Επιστημονική της Σημασία, Σχετικά με τις Γνωσιακές Δομές και την Ανάπτυξη τους: μια απάντηση στον Πιαζέ, Κατασκευή και Αλλαγή της Γνώσης: Η Γενετική και Μεταθετικιστική Επιστημολογία.
700 1 _aΚονδύλη Μαριάννα
_94117
700 1 _aΚουζέλης Γ
_94118
700 1 _aΜαράτου Ο'
_94119
700 1 _aΠιαζέ Ζαν
_94120
700 1 _aΤσόμσκι Νόαμ
_94121
942 _cBK
999 _c3238
_d3238